Spatial Heterogeneity of Regional Innovation Processes: Geographically Weighted Regression Approach
Priestorová heterogenita regionálnej inovačnej aktivity v 245 regiónoch Európskej únie NUTS 2 v období 2011-2012 pomocou modelu geograficky váženej regresie (GWR).
Uložené v:
| Hlavný autor: | |
|---|---|
| Médium: | Kapitola |
| Jazyk: | English |
| Predmet: | |
| Tagy: |
Žiadne tagy, Buďte prvý, kto otaguje tento záznam!
|
MARC
| LEADER | 00000naa$a2200000$$$4500 | ||
|---|---|---|---|
| 001 | 0243920 | ||
| 005 | 20240502073942.3 | ||
| 041 | 0 | |a eng | |
| 044 | |a SK | ||
| 245 | 1 | 0 | |a Spatial Heterogeneity of Regional Innovation Processes: Geographically Weighted Regression Approach |c Andrea Furková |
| 520 | |a Priestorová heterogenita regionálnej inovačnej aktivity v 245 regiónoch Európskej únie NUTS 2 v období 2011-2012 pomocou modelu geograficky váženej regresie (GWR). | ||
| 610 | 2 | 0 | |a inovácia |
| 610 | 2 | 0 | |a výskum |
| 610 | 2 | 0 | |a vývoj |
| 610 | 2 | 0 | |a regióny |
| 610 | 2 | 0 | |a priestor |
| 610 | 2 | 0 | |a Európska únia |
| 610 | 2 | 0 | |a modely regresné |
| 610 | 2 | 0 | |a analýza regresná |
| 610 | 2 | 0 | |a geografia hospodárska |
| 610 | 2 | 0 | |a ekonomika regionálna |
| 610 | 2 | 0 | |a politika |
| 610 | 2 | 0 | |a plánovanie |
| 100 | 1 | |a Furková, Andrea, 1975- | |